[Event "92nd St. Petersburg-ch Men 2019"]
[Site "Sankt Petersburg"]
[Date "2019.04.07"]
[Round "7.2"]
[White "Shubin, Kirill"]
[Black "Levin, Evgeny A."]
[Result "1/2-1/2"]
[WhiteElo "2391"]
[BlackElo "2514"]
[Annotator "RC"]
[PlyCount "265"]
[EventDate "2019.04.01"]
[EventType "tourn"]
[EventCountry "RUS"]
[SourceTitle "playchess.com"]
[Source "ChessBase"]
[SourceQuality "1"]
[TimeControl "40/5400+30:1800+30"]

1. e4 {[%emt 0:00:00]} c5 {[%emt 0:07:52]} 2. Nf3 {[%emt 0:00:00]} d6 {[%emt 0:00:03]} 3. Bb5+ {[%emt 0:00:00]} Bd7 {[%emt 0:00:47]} 4. c4 {[%emt 0:00:00]} Nf6 {[%emt 0:00:21]} 5. Nc3 {[%emt 0:00:04]} e6 {[%emt 0:00:12]} 6. d4 {[%emt 0:00:56]} cxd4 {[%emt 0:02:12]} 7. Qxd4 {[%emt 0:01:46]} a6 {[%emt 0:14:31]} 8. Bxd7+ {[%emt 0:00:56]} Nfxd7 {[%emt 0:01:25]} 9. O-O {[%emt 0:02:28]} Nc6 {[%emt 0:00:41]} 10. Qe3 {[%emt 0:01:34]} Be7 {[%emt 0:01:08]} 11. Rd1 {[%emt 0:00:52]} O-O {[%emt 0:04:58]} 12. b3 {[%emt 0:01:45]} Qa5 {[%emt 0:07:58]} 13. Bb2 {[%emt 0:07:09]} b5 {[%emt 0:13:42]} 14. c5 {[%emt 0:13:24]} Nxc5 {[%emt 0:05:01]} 15. Nd5 {[%emt 0:06:42]} exd5 {[%emt 0:12:55]} 16. exd5 {[%emt 0:00:04]} Rfe8 {[%emt 0:03:53]} 17. dxc6 {[%emt 0:00:05]} Bf6 {[%emt 0:00:46]} 18. Qc1 {[%emt 0:00:08]} Bxb2 {[%emt 0:01:59]} 19. Qxb2 {[%emt 0:00:04]} Qc7 {[%emt 0:00:36]} 20. b4 {[%emt 0:06:11]} Ne6 {[%emt 0:03:11]} 21. Rac1 {[%emt 0:00:54]} a5 {[%emt 0:00:53]} 22. bxa5 {[%emt 0:02:18]} Rxa5 {[%emt 0:02:04]} 23. Qd2 {[%emt 0:00:58]} Ra6 {[%emt 0:06:21]} 24. Qxd6 {[%emt 0:03:10]} Qxd6 {[%emt 0:00:33]} 25. Rxd6 {[%emt 0:00:04]} Rxa2 {[%emt 0:00:05]} 26. g3 {[%emt 0:00:22]} Ra6 {[%emt 0:02:31]} 27. Ne5 {[%emt 0:03:09]} Rc8 {[%emt 0:00:59]} 28. f4 {[%emt 0:03:58]} b4 {[%emt 0:02:09]} 29. f5 {[%emt 0:00:28]} Nf8 {[%emt 0:00:28]} 30. Nd3 {[%emt 0:45:31]} b3 {[%emt 0:00:22]} 31. Nb4 {[%emt 0:00:00]} Ra4 {[%emt 0:01:23]} 32. Rd4 {[%emt 0:00:00]} Rb8 {[%emt 0:02:58]} 33. Kg2 {[%emt 0:00:00]} b2 {[%emt 0:00:34]} 34. Rb1 {[%emt 0:00:00]} Rbxb4 {[%emt 0:00:20]} 35. c7 {[%emt 0:00:00]} Rxd4 {[%emt 0:00:11]} 36. c8=Q {[%emt 0:00:00]} Rd2+ {[%emt 0:00:16]} 37. Kh3 {[%emt 0:00:00]} Ra1 {[%emt 0:00:15]} 38. Qc3 {[%emt 0:00:00]} Rxh2+ {[%emt 0:01:09]} 39. Kxh2 {[%emt 0:00:00]} Rxb1 {[%emt 0:00:08]} 40. Qc2 {[%emt 0:00:00]} Rf1 {[%emt 0:00:00]} 41. Qxb2 {[%emt 0:00:00]} Rxf5 {[%emt 0:00:21]} 42. Qb8 {[%emt 0:00:00]} h6 {[%emt 0:09:13]} 43. Kg2 {[%emt 0:00:00]} g6 {[%emt 0:03:27]} 44. Qc8 {[%emt 0:00:00]} Rb5 {[%emt 0:03:19]} 45. Qa8 {[%emt 0:00:00]} Kg7 {[%emt 0:01:55]} 46. Qa1+ {[%emt 0:00:00]} Kh7 {[%emt 0:00:41]} 47. Qa7 {[%emt 0:00:00]} Rf5 {[%emt 0:00:45]} 48. Qc7 {[%emt 0:00:00]} Ne6 {[%emt 0:00:20]} 49. Qc3 {[%emt 0:00:00]} Ng5 {[%emt 0:00:38]} 50. Qc4 {[%emt 0:00:00]} Nf3 {[%emt 0:01:09]} 51. Qb4 {[%emt 0:00:00]} Ne5 {[%emt 0:00:34]} 52. Qe4 {[%emt 0:00:00]} Nd7 {[%emt 0:02:26]} 53. Qd4 {[%emt 0:00:00]} Nf6 {[%emt 0:00:21]} 54. Qc4 {[%emt 0:00:00]} Kg7 {[%emt 0:02:18]} 55. Qd4 {[%emt 0:00:00]} Rd5 {[%emt 0:00:54]} 56. Qc3 {[%emt 0:00:00]} Rf5 {[%emt 0:00:02]} 57. Qd4 {[%emt 0:00:00]} h5 {[%emt 0:00:04]} 58. Qc3 {[%emt 0:00:00]} Kh7 {[%emt 0:00:23]} 59. Qc4 {[%emt 0:00:00]} Ng4 {[%emt 0:00:46]} 60. Qb3 {[%emt 0:00:00]} Nh6 {[%emt 0:00:25]} 61. Qc4 {[%emt 0:00:00]} Rg5 {[%emt 0:01:46]} 62. Kh3 {[%emt 0:00:00]} Rg4 {[%emt 0:00:08]} 63. Qb3 {[%emt 0:00:00]} Re4 {[%emt 0:00:49]} 64. Qd3 {[%emt 0:00:00]} Re7 {[%emt 0:00:57]} 65. Kg2 {[%emt 0:00:00]} Nf5 {[%emt 0:00:35]} 66. Qb3 {[%emt 0:00:00]} Kg8 {[%emt 0:01:41]} 67. Qb8+ {[%emt 0:00:00]} Kh7 {[%emt 0:03:45]} 68. Qb3 {[%emt 0:00:00]} Kh6 {[%emt 0:01:02]} 69. Qa2 {[%emt 0:00:00]} Rc7 {[%emt 0:00:27]} 70. Kf2 {[%emt 0:00:10]} Kg7 {[%emt 0:03:19]} 71. Qb2+ {[%emt 0:00:03]} Kh7 {[%emt 0:01:03]} 72. Qa2 {[%emt 0:00:47]} Nh6 {[%emt 0:00:31]} 73. Qb3 {[%emt 0:00:55]} Rc5 {[%emt 0:00:05]} 74. Kg2 {[%emt 0:00:16]} Re5 {[%emt 0:01:14]} 75. Qc4 {[%emt 0:00:17]} Re7 {[%emt 0:00:23]} 76. Qb3 {[%emt 0:02:04]} Kg7 {[%emt 0:00:21]} 77. Qc3+ {[%emt 0:00:04]} f6 {[%emt 0:00:05]} 78. Qc5 {[%emt 0:00:23]} Nf5 {[%emt 0:00:10]} 79. Kf2 {[%emt 0:00:16]} Rd7 {[%emt 0:00:35]} 80. Qc3 {[%emt 0:00:28]} Nh6 {[%emt 0:01:04]} 81. Kg2 {[%emt 0:00:41]} Ng4 {[%emt 0:00:05]} 82. Qa5 {[%emt 0:00:43]} Ne5 {[%emt 0:00:37]} 83. Qc3 {[%emt 0:00:20]} g5 {[%emt 0:00:14]} 84. Qb3 {[%emt 0:01:05]} Rd2+ {[%emt 0:00:19]} 85. Kf1 {[%emt 0:00:17]} Rd3 {[%emt 0:01:19]} 86. Qb7+ {[%emt 0:00:04]} Rd7 {[%emt 0:00:15]} 87. Qe4 {[%emt 0:00:20]} Ng4 {[%emt 0:00:35]} 88. Qe8 {[%emt 0:00:30]} Rf7 {[%emt 0:00:26]} 89. Kg2 {[%emt 0:00:38]} f5 {[%emt 0:00:13]} 90. Qd8 {[%emt 0:00:10]} Nf6 {[%emt 0:00:04]} 91. Qd2 {[%emt 0:00:34]} Kg6 {[%emt 0:00:01]} 92. Qd6 {[%emt 0:00:08]} Rd7 {[%emt 0:00:05]} 93. Qe6 {[%emt 0:00:10]} Rd2+ {[%emt 0:00:03]} 94. Kf1 {[%emt 0:00:12]} Rd4 {[%emt 0:00:29]} 95. Kf2 {[%emt 0:00:22]} Rd2+ {[%emt 0:01:34]} 96. Kf1 {[%emt 0:00:05]} Rd3 {[%emt 0:00:24]} 97. Kg2 {[%emt 0:00:07]} Rd4 {[%emt 0:00:05]} 98. Qb6 {[%emt 0:00:16]} Rg4 {[%emt 0:00:11]} 99. Kf3 {[%emt 0:00:20]} Ra4 {[%emt 0:00:05]} 100. Kg2 {[%emt 0:00:07]} Rc4 {[%emt 0:00:04]} 101. Qe6 {[%emt 0:00:04]} Rg4 {[%emt 0:00:04]} 102. Kf3 {[%emt 0:00:03]} h4 {[%emt 0:00:10]} 103. gxh4 {[%emt 0:00:04]} Rf4+ {[%emt 0:00:08]} 104. Kg3 {[%emt 0:00:04]} Rg4+ {[%emt 0:00:04]} 105. Kf3 {[%emt 0:00:04]} Rxh4 {[%emt 0:00:04]} 106. Qc6 {[%emt 0:00:14]} Rh3+ {[%emt 0:00:22]} 107. Kg2 {[%emt 0:00:03]} g4 {[%emt 0:00:36]} 108. Qb6 {[%emt 0:00:19]} Rd3 {[%emt 0:00:37]} 109. Qb1 {[%emt 0:00:11]} Rd2+ {[%emt 0:00:16]} 110. Kg1 {[%emt 0:00:09]} Re2 {[%emt 0:01:11]} 111. Qd3 {[%emt 0:00:15]} Re4 {[%emt 0:00:19]} 112. Kg2 {[%emt 0:00:12]} f4 {[%emt 0:00:31]} 113. Qc2 {[%emt 0:00:08]} Kf5 {[%emt 0:01:37]} 114. Kf2 {[%emt 0:00:36]} Kg5 {[%emt 0:01:50]} 115. Qc5+ {[%emt 0:00:02]} Kg6 {[%emt 0:00:31]} 116. Qc2 {[%emt 0:00:04]} Kf5 {[%emt 0:01:12]} 117. Kg2 {[%emt 0:00:07]} Nd5 {[%emt 0:00:19]} 118. Qb1 {[%emt 0:00:14]} Ne3+ {[%emt 0:00:26]} 119. Kf2 {[%emt 0:00:06]} Nc4 {[%emt 0:00:15]} 120. Kg2 {[%emt 0:00:33]} Ke5 {[%emt 0:01:17]} 121. Qb5+ {[%emt 0:00:05]} Kd6 {[%emt 0:00:41]} 122. Kf2 {[%emt 0:00:34]} g3+ {[%emt 0:00:44]} 123. Kf3 {[%emt 0:00:10]} Nd2+ {[%emt 0:00:07]} 124. Kg2 {[%emt 0:00:08]} Rd4 {[%emt 0:00:48]} 125. Qb6+ {[%emt 0:00:35]} Ke5 {[%emt 0:00:37]} 126. Qb5+ {[%emt 0:01:01]} Rd5 {[%emt 0:00:32]} 127. Qe8+ {[%emt 0:00:27]} Kd4 {[%emt 0:00:11]} 128. Qf7 {[%emt 0:00:57]} Ke4 {[%emt 0:00:46]} 129. Qg6+ {[%emt 0:00:48]} Kd4 {[%emt 0:01:26]} 130. Qf6+ {[%emt 0:00:17]} Re5 {[%emt 0:01:12]} 131. Qxf4+ {[%emt 0:00:07]} Ne4 {[%emt 0:00:05]} 132. Qc1 {[%emt 0:00:21]} Rf5 {[%emt 0:01:07]} 133. Qb2+ {[%emt 0:00:11]} 1/2-1/2

[Event "92nd St. Petersburg-ch Men 2019"]
[Site "Sankt Petersburg"]
[Date "2019.04.07"]
[Round "7.3"]
[White "Vlasenko, Miroslav"]
[Black "Usmanov, Vasily"]
[Result "1/2-1/2"]
[WhiteElo "2410"]
[BlackElo "2450"]
[Annotator "ChessBase"]
[PlyCount "86"]
[EventDate "2019.04.01"]
[EventType "tourn"]
[EventCountry "RUS"]
[SourceTitle "playchess.com"]
[Source "ChessBase"]
[SourceQuality "1"]
[TimeControl "40/5400+30:1800+30"]

1. d4 {[%emt 0:00:00]} d5 {[%emt 0:00:00]} 2. c4 {[%emt 0:00:00]} e6 {[%emt 0:00:00]} 3. Nc3 {[%emt 0:00:00]} a6 {[%emt 0:00:00]} 4. cxd5 {[%emt 0:00:57]} exd5 {[%emt 0:00:00]} 5. Nf3 {[%emt 0:00:34]} Nf6 {[%emt 0:00:00]} 6. Bf4 {[%emt 0:00:50]} Bd6 {[%emt 0:00:31]} 7. g3 {[%emt 0:05:02]} O-O {[%emt 0:04:11]} 8. Bg2 {[%emt 0:00:26]} c6 {[%emt 0:02:34]} 9. O-O {[%emt 0:01:42]} Bxf4 {[%emt 0:08:46]} 10. gxf4 {[%emt 0:00:08]} Ne8 {[%emt 0:02:18]} 11. e3 {[%emt 0:02:43]} Nd6 {[%emt 0:02:08]} 12. b4 {[%emt 0:02:28]} Bg4 {[%emt 0:02:05]} 13. a4 {[%emt 0:03:28]} Nd7 {[%emt 0:00:12]} 14. b5 {[%emt 0:00:53]} axb5 {[%emt 0:01:42]} 15. axb5 {[%emt 0:00:15]} Nb6 {[%emt 0:00:54]} 16. bxc6 {[%emt 0:09:12]} bxc6 {[%emt 0:00:12]} 17. Qc2 {[%emt 0:06:36]} Bxf3 {[%emt 0:03:09]} 18. Bxf3 {[%emt 0:00:02]} Qd7 {[%emt 0:00:20]} 19. Na4 {[%emt 0:16:05]} Nxa4 {[%emt 0:02:38]} 20. Rxa4 {[%emt 0:01:02]} Nf5 {[%emt 0:06:01]} 21. Rxa8 {[%emt 0:11:54]} Rxa8 {[%emt 0:00:10]} 22. h3 {[%emt 0:08:15]} Ne7 {[%emt 0:00:24]} 23. Bg4 {[%emt 0:01:37]} f5 {[%emt 0:01:18]} 24. Be2 {[%emt 0:01:08]} Qa7 {[%emt 0:00:14]} 25. Bd3 {[%emt 0:01:45]} g6 {[%emt 0:00:16]} 26. Rb1 {[%emt 0:02:19]} Rb8 {[%emt 0:00:44]} 27. Kg2 {[%emt 0:01:54]} Rxb1 {[%emt 0:00:08]} 28. Qxb1 {[%emt 0:00:01]} Kf7 {[%emt 0:00:16]} 29. Kf3 {[%emt 0:01:04]} Qa3 {[%emt 0:06:25]} 30. Bc2 {[%emt 0:01:10]} h6 {[%emt 0:02:24]} 31. Kg2 {[%emt 0:00:20]} Qa7 {[%emt 0:01:56]} 32. Qb4 {[%emt 0:01:49]} Qc7 {[%emt 0:00:43]} 33. h4 {[%emt 0:01:27]} h5 {[%emt 0:00:40]} 34. Bb3 {[%emt 0:01:15]} Ke6 {[%emt 0:00:16]} 35. Kg3 {[%emt 0:00:51]} Qa7 {[%emt 0:00:48]} 36. Kg2 {[%emt 0:01:34]} Qa6 {[%emt 0:01:18]} 37. Bd1 {[%emt 0:00:48]} Qb5 {[%emt 0:03:56]} 38. Qa3 {[%emt 0:00:27]} Qb1 {[%emt 0:00:30]} 39. Bf3 {[%emt 0:00:04]} Qb7 {[%emt 0:00:28]} 40. Qa5 {[%emt 0:00:00]} Kd7 {[%emt 0:00:00]} 41. Qc5 {[%emt 0:00:51]} Ke6 {[%emt 0:01:12]} 42. Qa5 {[%emt 0:00:05]} Kd7 {[%emt 0:00:28]} 43. Qc5 {[%emt 0:00:09]} Ke6 {[%emt 0:00:05]} 1/2-1/2

[Event "92nd St. Petersburg-ch Men 2019"]
[Site "Sankt Petersburg"]
[Date "2019.04.07"]
[Round "7.4"]
[White "Duzhakov, Ilya"]
[Black "Saveliev, Alexei"]
[Result "1/2-1/2"]
[WhiteElo "2397"]
[BlackElo "2372"]
[Annotator "NA"]
[PlyCount "121"]
[EventDate "2019.04.01"]
[EventType "tourn"]
[EventCountry "RUS"]
[SourceTitle "playchess.com"]
[Source "ChessBase"]
[SourceQuality "1"]
[TimeControl "40/5400+30:1800+30"]

1. d4 {[%emt 0:03:42]} Nf6 {[%emt 0:03:27]} 2. c4 {[%emt 0:00:18]} e6 {[%emt 0:00:04]} 3. Nf3 {[%emt 0:00:11]} Bb4+ {[%emt 0:00:08]} 4. Nbd2 {[%emt 0:00:09]} O-O {[%emt 0:00:06]} 5. a3 {[%emt 0:00:06]} Be7 {[%emt 0:00:05]} 6. e4 {[%emt 0:01:24]} d6 {[%emt 0:00:05] E11: Bogo-Indian} 7. Be2 {[%emt 0:00:09]} Nbd7 {[%emt 0:00:10]} 8. O-O {[%emt 0:00:17]} c5 {[%emt 0:00:04]} 9. d5 {[%emt 0:00:31]} e5 {[%emt 0:00:55]} 10. Ne1 {[%emt 0:01:45]} Ne8 {[%emt 0:00:44]} 11. Nd3 {[%emt 0:01:24]} g6 {[%emt 0:00:05]} 12. b4 {[%emt 0:05:40]} b6 {[%emt 0:00:26]} 13. Bb2 {[%emt 0:03:22]} Ng7 {[%emt 0:00:20] [#]} 14. Qb3 $146 {[%emt 0:07:18]} ({Predecessor:} 14. Kh1) 14... Bg5 {[%emt 0:02:41]} 15. f4 {[%emt 0:12:14]} exf4 {[%emt 0:00:13]} 16. Nxf4 {[%emt 0:00:39]} Qe7 {[%emt 0:00:35]} 17. Rae1 {[%emt 0:03:51]} Ne5 {[%emt 0:01:10]} 18. Bd1 {[%emt 0:05:50]} Bd7 {[%emt 0:00:33]} 19. g3 {[%emt 0:04:20]} Rae8 {[%emt 0:03:51]} 20. Nf3 {[%emt 0:01:14]} Bf6 {[%emt 0:01:32]} 21. Nxe5 {[%emt 0:08:55]} Bxe5 {[%emt 0:00:15]} 22. Nd3 $1 {[%emt 0:01:32]} Bxb2 {[%emt 0:04:06]} 23. Qxb2 {[%emt 0:00:34]} f6 {[%emt 0:00:04]} 24. Bf3 {[%emt 0:02:36]} Bh3 {[%emt 0:04:11]} 25. Rf2 {[%emt 0:02:34]} Qd7 {[%emt 0:00:57]} 26. Nf4 {[%emt 0:04:05]} Bg4 {[%emt 0:00:24]} 27. Bg2 {[%emt 0:01:48]} Qd8 {[%emt 0:03:39]} 28. Qc3 {[%emt 0:06:21]} Bd7 {[%emt 0:01:00]} 29. b5 {[%emt 0:02:22]} Rf7 $14 {[%emt 0:00:29]} 30. h3 {[%emt 0:03:20]} Qc8 {[%emt 0:05:19]} 31. Kh2 {[%emt 0:00:44]} a6 {[%emt 0:03:17]} 32. a4 {[%emt 0:04:33]} a5 {[%emt 0:00:11]} 33. Nd3 {[%emt 0:01:13]} Qd8 {[%emt 0:00:07]} 34. Qd2 {[%emt 0:00:56]} Qe7 {[%emt 0:00:42]} 35. Qh6 {[%emt 0:03:37]} Qf8 {[%emt 0:00:08]} 36. Qc1 {[%emt 0:02:25]} Qe7 {[%emt 0:00:34]} 37. Qb2 {[%emt 0:01:13]} Qd8 {[%emt 0:00:19]} 38. Ref1 {[%emt 0:00:33]} Ref8 {[%emt 0:00:04]} 39. Qd2 {[%emt 0:01:03]} Qe8 {[%emt 0:00:52]} 40. Re1 {[%emt 0:00:00]} Qe7 {[%emt 0:00:00]} 41. Ree2 {[%emt 0:05:43]} Re8 {[%emt 0:00:46]} 42. Kg1 {[%emt 0:00:29]} Qf8 {[%emt 0:01:29]} 43. Qc3 {[%emt 0:02:13]} Qe7 {[%emt 0:00:06]} 44. Kf1 {[%emt 0:01:05]} Nh5 {[%emt 0:01:11]} 45. Rf3 {[%emt 0:01:09]} Ng7 {[%emt 0:00:47]} 46. Qb2 {[%emt 0:01:26]} Qd8 {[%emt 0:01:03]} 47. g4 {[%emt 0:05:36]} Qe7 {[%emt 0:00:47]} 48. Ke1 {[%emt 0:08:24]} h5 {[%emt 0:02:54]} 49. gxh5 {[%emt 0:00:28]} Nxh5 {[%emt 0:00:09]} 50. Kd1 {[%emt 0:00:56]} Kg7 {[%emt 0:00:06]} 51. Kc2 {[%emt 0:01:51]} Kh7 {[%emt 0:00:39]} 52. Kb3 {[%emt 0:00:22]} Ng7 {[%emt 0:01:08]} 53. Re1 {[%emt 0:00:30]} Rh8 {[%emt 0:00:16]} 54. Qf2 {[%emt 0:00:28]} Kg8 {[%emt 0:01:11]} 55. Rg3 {[%emt 0:04:52]} g5 {[%emt 0:00:58]} 56. Rge3 {[%emt 0:02:37]} Rh4 {[%emt 0:00:27]} 57. Rf1 {[%emt 0:00:31]} Nh5 {[%emt 0:00:30]} 58. Qd2 {[%emt 0:02:30]} Ng7 {[%emt 0:01:42]} 59. Qf2 {[%emt 0:01:19]} Nh5 {[%emt 0:00:05]} 60. Qd2 {[%emt 0:00:18]} Ng7 {[%emt 0:00:04]} 61. Qf2 {[%emt 0:00:38]} 1/2-1/2

[Event "92nd St. Petersburg-ch Men 2019"]
[Site "Sankt Petersburg"]
[Date "2019.04.08"]
[Round "8.1"]
[White "Lobanov, Sergei"]
[Black "Askerov, Marat"]
[Result "1/2-1/2"]
[WhiteElo "2528"]
[BlackElo "2318"]
[Annotator "TA"]
[PlyCount "107"]
[EventDate "2019.04.01"]
[EventType "tourn"]
[EventCountry "RUS"]
[SourceTitle "playchess.com"]
[Source "ChessBase"]
[SourceQuality "1"]

{[%evp 12,107,29,23,43,31,40,18,44,42,43,39,39,25,37,30,50,-5,0,0,-11,-4,-3,-38,-27,-47,-45,-80,-82,-77,-79,-76,-60,-62,-50,-65,-43,-77,-79,-85,-49,-43,-23,-24,-24,-41,-23,-23,0,-41,0,-27,0,0,0,0,0,0,0,0,0,0,0,0,0,0,4,0,0,0,0,-12,-12,-12,-12,-12,-12,-14,-3,-12,-8,-8,0,0,0,0,0,0,0,0,0,0,0,0,0,-8,-8,-8]} 1. e4 c6 2. d4 d5 3. e5 Bf5 4. Nf3 e6 5. Be2 Ne7 6. c3 Nd7 7. O-O Bg4 {B12: Caro-Kann: Advance Variation} (7... c5 8. dxc5 Nxc5 9. Nd4 Bg6 10. Be3 Nd7 11. f4 Nf5 12. Bf2 Be7 13. Nd2 Nxd4 14. Bxd4 O-O 15. Nb3 b6 16. Bg4 {½-½ (73) Karjakin,S (2753)-Mamedyarov,S (2817) Kolkata 2018}) 8. Nbd2 c5 9. dxc5 Nc6 $146 ({Predecessor:} 9... Nxc5 10. b4 Nd7 11. c4 Rc8 12. Bb2 Bxf3 13. Bxf3 dxc4 14. Bxb7 Rc7 15. Ne4 {½-½ (34) Peng,X (2550)-Polak,T (2525) Elista 1998}) 10. b4 Be7 11. a3 O-O 12. c4 a5 $1 13. cxd5 exd5 14. b5 ({White should play} 14. Rb1 $14) 14... Ncxe5 $11 15. Nxe5 Bxe2 $1 16. Qxe2 {[#] aiming for Nxd7.} Nxe5 $1 17. Bb2 Ng6 18. Rac1 Rc8 19. c6 bxc6 20. bxc6 Qb6 21. Nf3 Rxc6 22. Bd4 Qc7 23. Qb2 f6 24. Rxc6 Qxc6 25. Be3 Qd6 26. Qb5 Qxa3 27. Qxd5+ Kh8 28. h4 $1 Rd8 29. Qf7 Rf8 30. Qd5 $1 Rd8 31. Qf7 Qd6 32. h5 $1 {[%cal Rh5g6] The position is equal.} Rf8 33. Qa2 Ne5 {[#] Threatens to win with ...Nxf3+.} 34. Qxa5 Nxf3+ 35. gxf3 f5 36. Qd2 Qc6 37. Kg2 h6 38. Rc1 Qf6 {Black wants to play ...f4.} 39. Qd4 f4 40. Qxf6 Rxf6 {[%mdl 4096] Endgame KRB-KRB} 41. Bd4 Rf5 42. Re1 Bd6 43. Re6 Rd5 44. Bc3 Kh7 45. Rg6 Bf8 46. Rg4 $1 Rg5 47. Rxg5 hxg5 {KB-KB} 48. Kh3 $1 Kh6 49. Kg4 Bc5 50. Ba5 Be7 51. Bc7 g6 52. hxg6 Kxg6 53. Bxf4 gxf4 54. Kxf4 {Accuracy: White = 66%, Black = 67%.} 1/2-1/2